[Event "Chioggia op-B 13th"]
[Site "Chioggia"]
[Date "2018.09.30"]
[Round "5"]
[White "Ranzato, Paolo"]
[Black "Bosi, Elettra"]
[Result "0-1"]
[WhiteElo "1782"]
[BlackElo "1666"]
[PlyCount "114"]
[EventDate "2018.09.28"]
[EventType "swiss"]
[EventRounds "5"]
[EventCountry "ITA"]
[SourceTitle "EXT 2022"]
[Source "ChessBase"]
[SourceDate "2021.10.06"]
[SourceVersion "1"]
[SourceVersionDate "2021.10.06"]
[SourceQuality "1"]

1. f4 d5 2. Nf3 e6 3. e3 Nf6 4. b3 Bd6 5. Bb2 Nbd7 6. Be2 Qe7 7. 0-0 e5 8. fxe5 Nxe5 9. Nc3 c6 10. Nd4 Neg4 11. Nf3 Ne5 12. a3 0-0 13. Qe1 Bf5 14. Nd4 Bg6 15. Qh4 Qd7 16. d3 Neg4 17. h3 Nxe3 18. Rf3 Nf5 19. Nxf5 Bxf5 20. Raf1 Bg6 21. Rxf6 gxf6 22. Ne4 Qe6 23. Nxf6+ Kg7 24. Ne8+ Kg8 25. Nf6+ Kg7 26. Nxh7+ Be5 27. Nxf8 Rxf8 28. Bg4 f5 29. Bxe5+ Qxe5 30. Qf2 b6 31. h4 Qe7 32. Re1 Qxa3 33. Qd4+ Kf7 34. Bf3 Qd6 35. h5 Bh7 36. c4 Rd8 37. cxd5 cxd5 38. Re5 Qa3 39. Rxd5 Re8 40. Rd7+ Re7 41. Bd5+ Ke8 42. Bc6 Qc1+ 43. Kh2 Qxc6 44. Rxe7+ Kxe7 45. Qg7+ Ke6 46. Qxh7 Qd6+ 47. Kh1 Qxd3 48. Qg8+ Ke5 49. Qg7+ Ke6 50. h6 Qf1+ 51. Kh2 Qf4+ 52. Kh3 Qe3+ 53. Qg3 Qxh6+ 54. Qh4 Qxh4+ 55. Kxh4 a5 56. Kg3 b5 57. Kf3 a4 0-1

[Event "Chioggia op-B 13th"]
[Site "Chioggia"]
[Date "2018.09.29"]
[Round "2"]
[White "Bosi, Elettra"]
[Black "Tomio, Dante"]
[Result "0-1"]
[WhiteElo "1666"]
[BlackElo "1811"]
[PlyCount "92"]
[EventDate "2018.09.28"]
[EventType "swiss"]
[EventRounds "5"]
[EventCountry "ITA"]
[SourceTitle "EXT 2022"]
[Source "ChessBase"]
[SourceDate "2021.10.06"]
[SourceVersion "1"]
[SourceVersionDate "2021.10.06"]
[SourceQuality "1"]

1. e4 c5 2. Nc3 e6 3. Nge2 a6 4. g3 Qc7 5. Bg2 Nc6 6. d3 Nf6 7. 0-0 b5 8. Be3 Bb7 9. h3 Be7 10. Qd2 0-0 11. f4 d6 12. g4 b4 13. Nd1 Rfe8 14. Ng3 Rac8 15. g5 Nd7 16. Nf2 Bf8 17. Ng4 a5 18. h4 Ne7 19. f5 exf5 20. exf5 Nd5 21. Bf2 Ne5 22. Nxe5 Rxe5 23. Rae1 Rce8 24. Rxe5 Rxe5 25. d4 cxd4 26. Bxd4 Re8 27. Ne4 Nb6 28. Ng3 Bxg2 29. Qxg2 d5 30. h5 Bd6 31. Nh1 Re4 32. Bf2 Be5 33. Rb1 Qxc2 34. Rf1 Nc4 35. b3 Nd6 36. f6 g6 37. hxg6 hxg6 38. Qh3 Nf5 39. Ng3 Rh4 40. Qg2 Bxg3 41. Bxg3 Qxg2+ 42. Kxg2 Rg4 43. Rf3 Rxg5 44. Kf2 Nxg3 45. Rxg3 Rf5+ 46. Ke3 Rxf6 0-1

[Event "Chioggia op-B 13th"]
[Site "Chioggia"]
[Date "2018.09.29"]
[Round "3"]
[White "Tiozzo, Fabio"]
[Black "Bosi, Elettra"]
[Result "0-1"]
[WhiteElo "1566"]
[BlackElo "1666"]
[PlyCount "72"]
[EventDate "2018.09.28"]
[EventType "swiss"]
[EventRounds "5"]
[EventCountry "ITA"]
[SourceTitle "EXT 2022"]
[Source "ChessBase"]
[SourceDate "2021.10.06"]
[SourceVersion "1"]
[SourceVersionDate "2021.10.06"]
[SourceQuality "1"]

1. Nf3 d5 2. c4 e6 3. g3 c6 4. Bg2 Bd6 5. 0-0 Nf6 6. b3 Nbd7 7. Bb2 Qc7 8. cxd5 exd5 9. Nc3 0-0 10. Rc1 a6 11. e3 Ne5 12. Nxe5 Bxe5 13. d4 Bd6 14. Nxd5 Nxd5 15. Bxd5 Qa5 16. Be4 Bh3 17. Bc3 Qg5 18. Bg2 Bxg2 19. Kxg2 Rfe8 20. Bd2 Qg6 21. Ba5 h5 22. h4 Re4 23. Rh1 Rg4 24. Qf3 Re8 25. Be1 Be7 26. Kf1 Qd3+ 27. Qe2 Qf5 28. Rc5 Bxc5 29. dxc5 Rxg3 30. Bd2 Re5 31. Rh2 Rxc5 32. f4 Qb1+ 33. Be1 Rc3 34. Kf2 Rgxe3 35. Qxe3 Rxe3 36. Kxe3 Qxe1+ 0-1

[Event "Treviso Lega op-B 2nd"]
[Site "Treviso"]
[Date "2018.04.09"]
[Round "3"]
[White "Bosi, Elettra"]
[Black "Matterlin, Matteo"]
[Result "1-0"]
[WhiteElo "1544"]
[BlackElo "1418"]
[PlyCount "35"]
[EventDate "2018.03.02"]
[EventType "swiss"]
[EventRounds "5"]
[EventCountry "ITA"]
[SourceTitle "EXT 2022"]
[Source "ChessBase"]
[SourceDate "2021.10.06"]
[SourceVersion "1"]
[SourceVersionDate "2021.10.06"]
[SourceQuality "1"]

1. e4 b6 2. d4 Bb7 3. Nc3 e6 4. Bd3 Nf6 5. Nge2 Be7 6. e5 Nd5 7. Nxd5 Bxd5 8. Nf4 Bb7 9. Qh5 h6 10. 0-0 0-0 11. Ng6 Re8 12. Nxe7+ Qxe7 13. Bxh6 Qf8 14. Bg5 g6 15. Bxg6 Qg7 16. Bd3 Rf8 17. f3 d6 18. Bf6 1-0

[Event "Arco Christmas op 8th"]
[Site "Arco"]
[Date "2017.12.27"]
[Round "2"]
[White "Fiscato, Claudio"]
[Black "Bosi, Elettra"]
[Result "1-0"]
[WhiteElo "1643"]
[BlackElo "1456"]
[PlyCount "67"]
[EventDate "2017.12.26"]
[EventType "swiss"]
[EventRounds "7"]
[EventCountry "ITA"]
[SourceTitle "CBM 182 Extra"]
[Source "ChessBase"]
[SourceDate "2018.02.23"]
[SourceVersion "1"]
[SourceVersionDate "2018.02.23"]
[SourceQuality "1"]

1. e4 c6 2. d4 d5 3. e5 c5 4. dxc5 e6 5. a3 Bxc5 6. b4 Bb6 7. Nf3 Nc6 8. Bd3 Nge7 9. 0-0 Ng6 10. Bxg6 hxg6 11. Bb2 a6 12. Nbd2 0-0 13. c4 Bc7 14. Qe2 Rb8 15. Nb3 b5 16. c5 Kh7 17. Nbd4 Ne7 18. Bc1 Rh8 19. Bg5 Qd7 20. Bxe7 Qxe7 21. Nc6 Qd7 22. Nxb8 Bxb8 23. Nd4 Bb7 24. Rac1 Qc7 25. f4 Kg8 26. Rf3 Ba7 27. Qe3 Kf8 28. Rh3 Rxh3 29. Qxh3 Kg8 30. Qh4 Kf8 31. Qh8+ Ke7 32. Qxg7 Ke8 33. Nxe6 Qc8 34. Qh8+ 1-0

[Event "Chioggia op-B 11th"]
[Site "Chioggia"]
[Date "2016.10.08"]
[Round "2"]
[White "Bosi, Elettra"]
[Black "Quaranta, Gaetano"]
[Result "1/2-1/2"]
[WhiteElo "1515"]
[BlackElo "1798"]
[PlyCount "47"]
[EventDate "2016.10.07"]
[EventType "swiss"]
[EventRounds "5"]
[EventCountry "ITA"]
[SourceTitle "EXT 2022"]
[Source "ChessBase"]
[SourceDate "2021.10.06"]
[SourceVersion "1"]
[SourceVersionDate "2021.10.06"]
[SourceQuality "1"]

1. e4 d5 2. exd5 Qxd5 3. Nc3 Qa5 4. d4 Nf6 5. Nf3 Bf5 6. Bc4 e6 7. Bd2 c6 8. Ne4 Qc7 9. Nxf6+ gxf6 10. Nh4 Bg6 11. Nxg6 hxg6 12. h3 Nd7 13. Qf3 Bd6 14. 0-0-0 0-0-0 15. Rhe1 Rhe8 16. g4 g5 17. Kb1 Be7 18. Qe3 Nb6 19. Bb3 Nd5 20. Qe4 Bb4 21. c3 Be7 22. Re2 Bd6 23. Bxd5 cxd5 24. Qf3 1/2-1/2

[Event "Chioggia op-B 11th"]
[Site "Chioggia"]
[Date "2016.10.08"]
[Round "3"]
[White "Rossi, Gianni"]
[Black "Bosi, Elettra"]
[Result "1-0"]
[WhiteElo "1748"]
[BlackElo "1515"]
[PlyCount "41"]
[EventDate "2016.10.07"]
[EventType "swiss"]
[EventRounds "5"]
[EventCountry "ITA"]
[SourceTitle "EXT 2022"]
[Source "ChessBase"]
[SourceDate "2021.10.06"]
[SourceVersion "1"]
[SourceVersionDate "2021.10.06"]
[SourceQuality "1"]

1. d4 d5 2. e4 c6 3. Nc3 dxe4 4. Bc4 Nf6 5. f3 exf3 6. Nxf3 Bg4 7. Bxf7+ Kxf7 8. Ne5+ Ke8 9. Nxg4 Nbd7 10. 0-0 g6 11. Bg5 Bg7 12. d5 cxd5 13. Nxd5 Nxg4 14. Qxg4 Ne5 15. Qa4+ Nc6 16. Rad1 Qc8 17. Nxe7 Qc7 18. Nxc6 Qxc6 19. Rde1+ Kd7 20. Qg4+ Kc7 21. Re7+ 1-0